000 00337nam a2200157Ia 4500
100 _aMahatma/ Gandhi
650 _aEnglish
942 _cBK
654 _aAutobiography
245 _aAn Autobiography
260 _bNavajivan Publishing House
_aAhmedabad
082 _a920
_bGAN
300 _a404
546 _aENGLISH
999 _c30734
_d30734